Aespa In Every Era - Statistics

General Stats
  • This quiz has been taken 87 times
  • The average score is 12 of 14
Answer Stats
Picture Answer % Correct
Spicy
99%
Supernova
97%
Whiplash
95%
Black Mamba
92%
Drama
89%
Girls
89%
Armageddon
88%
Savage
88%
Better Things
84%
Next Level
83%
Forever
79%
Dreams Come True
78%
Hot Mess
76%
Life's Too Short
62%
No matching quizzes found
Score Distribution
Percent of People with Each Score
Percentile by Number Answered
Your Score History
You have not taken this quiz